[Event "ch-RUS Rapid w 2016"]
[Site "Sochi RUS"]
[Date "2016.10.03"]
[Round "10.7"]
[White "Pustovoitova, Daria"]
[Black "Baraeva, Marina"]
[Result "1-0"]
[WhiteTitle "FM"]
[BlackTitle "WIM"]
[WhiteElo "2386"]
[BlackElo "2173"]
[WhiteFideId "4182146"]
[BlackFideId "24142573"]
[EventDate "2016.10.02"]

1. d4 d5 2. c4 c6 3. Nc3 Nf6 4. Nf3 dxc4 5. a4 Bf5 6. e3 e6 7. Bxc4 Bb4 8. O-O
O-O 9. Qe2 Bg6 10. Ne5 Nbd7 11. Nxg6 hxg6 12. Rd1 Qa5 13. Qc2 Rad8 14. e4 e5 15.
Be3 Nb6 16. Bb3 Rd7 17. dxe5 Qxe5 18. Rxd7 Nbxd7 19. f4 Qh5 20. h3 a5 21. e5 Ne8
22. e6 Bc5 23. exf7+ Rxf7 24. Re1 Kf8 25. Bxf7 Kxf7 26. Qb3+ Kf8 27. Ne4 Bxe3+
28. Rxe3 Qf5 29. Ng5 Nc5 1-0

[Event "ch-RUS Rapid w 2016"]
[Site "Sochi RUS"]
[Date "2016.10.03"]
[Round "10.8"]
[White "Girya, Olga"]
[Black "Severina, Maria"]
[Result "1-0"]
[WhiteTitle "WGM"]
[BlackTitle "WIM"]
[WhiteElo "2446"]
[BlackElo "2232"]
[WhiteFideId "4195752"]
[BlackFideId "4116909"]
[EventDate "2016.10.02"]

1. d4 Nf6 2. c4 e6 3. Nf3 b6 4. g3 Bb4+ 5. Bd2 a5 6. Bg2 Bb7 7. O-O O-O 8. Bf4
Be7 9. Nc3 Ne4 10. Nb5 Na6 11. Nd2 Nxd2 12. Qxd2 Bxg2 13. Kxg2 d6 14. e4 Qd7 15.
Nc3 Rad8 16. Rad1 Qc8 17. Qe2 Qb7 18. Be3 Rfe8 19. Kg1 c6 20. Qg4 d5 21. cxd5
cxd5 22. Bh6 Bf8 23. Bg5 Be7 24. exd5 exd5 25. Rfe1 Nb4 26. Rxe7 Rxe7 27. Bf6 g6
28. Qg5 Nc6 29. Qh6 1-0

[Event "ch-RUS Rapid w 2016"]
[Site "Sochi RUS"]
[Date "2016.10.03"]
[Round "10.9"]
[White "Vasilevich, Irina"]
[Black "Kovalevskaya, Ekaterina"]
[Result "1-0"]
[WhiteTitle "IM"]
[BlackTitle "IM"]
[WhiteElo "2285"]
[BlackElo "2437"]
[WhiteFideId "4141296"]
[BlackFideId "4116704"]
[EventDate "2016.10.02"]

1. c4 c5 2. Nc3 Nc6 3. g3 Nf6 4. Bg2 g6 5. e4 Bg7 6. Nge2 O-O 7. O-O d6 8. d3
Rb8 9. f4 Nd4 10. Nxd4 cxd4 11. Ne2 Ng4 12. h3 Ne3 13. Bxe3 dxe3 14. d4 Qb6 15.
b3 e5 16. fxe5 dxe5 17. d5 Qc5 18. Qd3 Bd7 19. Rf3 Bh6 20. Qc3 Rbc8 21. Rc1 Qe7
22. Rd1 f5 23. d6 Qg7 24. exf5 Bxf5 25. Rff1 Rcd8 26. c5 Be6 27. Rxf8+ Rxf8 28.
Bd5 Bxd5 29. Rxd5 e4 30. Qxg7+ Bxg7 31. b4 Bf6 32. b5 Rc8 33. d7 Rb8 34. c6 Bd8
35. cxb7 Rxb7 36. Nc3 Kf7 37. Nxe4 Rb8 38. a4 Ke6 39. Rd3 Ke5 40. Nc5 Bb6 41.
Rxe3+ Kd5 42. Re8 Rd8 43. Rxd8 Bxd8 44. Nb7 1-0

[Event "ch-RUS Rapid w 2016"]
[Site "Sochi RUS"]
[Date "2016.10.03"]
[Round "10.10"]
[White "Semenova, Elena1"]
[Black "Sukhareva, Evgeniya"]
[Result "1/2-1/2"]
[WhiteTitle "WIM"]
[WhiteElo "2256"]
[BlackElo "2151"]
[WhiteFideId "24125148"]
[BlackFideId "4167155"]
[EventDate "2016.10.02"]

1. e4 c5 2. Nf3 e6 3. d4 cxd4 4. Nxd4 a6 5. Bd3 Qc7 6. O-O Nf6 7. Qe2 d6 8. c4
Nbd7 9. Nc3 Ne5 10. h3 Nxd3 11. Qxd3 Be7 12. Nf3 b6 13. Bf4 O-O 14. e5 dxe5 15.
Nxe5 Rd8 16. Qe2 Bd6 17. Rfe1 Bb7 18. Bg3 Rac8 19. Rad1 Qe7 20. a3 Bxe5 21. Bxe5
Nd7 22. Bg3 Qg5 23. Ne4 Bxe4 24. Qxe4 Nc5 25. Qe2 h6 26. Be5 Nd7 27. Bc3 Nf6 28.
Bd4 Nd7 29. Bc3 Nf6 30. Bd4 Nd7 31. Bc3 Nf6 1/2-1/2

[Event "ch-RUS Rapid w 2016"]
[Site "Sochi RUS"]
[Date "2016.10.03"]
[Round "10.11"]
[White "Nebolsina, Vera"]
[Black "Bodnaruk, Anastasia"]
[Result "0-1"]
[WhiteTitle "WGM"]
[BlackTitle "IM"]
[WhiteElo "2219"]
[BlackElo "2463"]
[WhiteFideId "4163591"]
[BlackFideId "4181751"]
[EventDate "2016.10.02"]

1. Nf3 Nf6 2. g3 g6 3. Bg2 Bg7 4. O-O O-O 5. d4 d6 6. a4 a5 7. Nc3 d5 8. Re1 Ne4
9. e3 Nxc3 10. bxc3 Nd7 11. e4 Nb6 12. exd5 Nxd5 13. c4 Nb6 14. c5 Nd5 15. c4
Nb4 16. Bg5 Re8 17. Qd2 Bf5 18. Rec1 c6 19. Ra3 Qd7 20. Re3 h6 21. Bf4 g5 22.
Be5 f6 23. g4 Bxg4 24. Bg3 Rad8 25. Rce1 Bf5 26. Rc1 e5 27. d5 cxd5 28. cxd5
Nxd5 0-1

[Event "ch-RUS Rapid w 2016"]
[Site "Sochi RUS"]
[Date "2016.10.03"]
[Round "10.12"]
[White "Gubernatorova, Lyudmila"]
[Black "Nechaeva, Marina"]
[Result "0-1"]
[BlackTitle "IM"]
[WhiteElo "2200"]
[BlackElo "2428"]
[WhiteFideId "4123840"]
[BlackFideId "4149351"]
[EventDate "2016.10.02"]

1. d4 Nf6 2. c4 c5 3. d5 b5 4. Nd2 Qa5 5. Qc2 g6 6. e4 bxc4 7. Bxc4 d6 8. f4 Bg7
9. Nf3 O-O 10. O-O Nbd7 11. Rb1 Nb6 12. a3 Nxc4 13. Nxc4 Qc7 14. Bd2 e6 15. e5
Ne8 16. dxe6 Bxe6 17. exd6 Nxd6 18. Ba5 Qc6 19. Nfe5 Qa6 20. Nxd6 Qxa5 21. Rbc1
Qb6 22. Ndc4 Qc7 23. Kh1 Rab8 24. Qf2 Rfd8 25. h3 Rd4 26. Rfd1 Rxd1+ 27. Rxd1 f6
28. f5 Bxf5 29. Nf3 Be6 30. Rc1 Qf4 31. Ncd2 Rxb2 32. Qxc5 Bf8 33. Qc3 Ra2 34.
Re1 Rxa3 35. Qc6 Bf7 36. Ne4 Kg7 37. Qd7 Re3 38. Rxe3 Qxe3 39. Ng3 0-1

[Event "ch-RUS Rapid w 2016"]
[Site "Sochi RUS"]
[Date "2016.10.03"]
[Round "10.13"]
[White "Gvanceladze, Anna"]
[Black "Travkina, Anastasia"]
[Result "0-1"]
[WhiteTitle "WFM"]
[BlackTitle "WFM"]
[WhiteElo "2223"]
[BlackElo "2292"]
[WhiteFideId "4113721"]
[BlackFideId "24129151"]
[EventDate "2016.10.02"]

1. d4 d5 2. Nf3 Nf6 3. c4 c6 4. cxd5 cxd5 5. Nc3 Nc6 6. Bf4 e6 7. e3 Nh5 8. Bg5
f6 9. Bh4 g6 10. Bb5 Be7 11. h3 Qb6 12. Qe2 Bd7 13. Rd1 a6 14. Ba4 Ng7 15. Bg3
Nf5 16. Bh2 Nd6 17. O-O Qa5 18. Bb3 f5 19. Ne5 Nxe5 20. Bxe5 O-O 21. Qf3 Nf7 22.
Bf4 Bf6 23. Qg3 Rac8 24. Qf3 Bc6 25. Qe2 b5 26. Qd2 b4 27. Ne2 Ba4 28. Bxa4 Qxa4
29. b3 Qb5 30. Rc1 Be7 31. Rc2 Rxc2 32. Qxc2 Nd6 33. Bxd6 Bxd6 34. Rc1 Bb8 35.
f3 Kg7 36. Kf2 Qa5 37. Qd2 Qb6 38. Qc2 f4 39. Qc6 fxe3+ 40. Kxe3 Qd8 41. Kf2 a5
42. Qxe6 Re8 43. Qa6 Qg5 44. f4 Bxf4 45. Rf1 Bg3+ 46. Kg1 Qe3+ 47. Kh1 Qxe2 48.
Qf6+ Kh6 49. Rg1 Qf2 0-1

[Event "ch-RUS Rapid w 2016"]
[Site "Sochi RUS"]
[Date "2016.10.03"]
[Round "10.14"]
[White "Belenkaya, Dina"]
[Black "Shaydullina, Sandugach"]
[Result "1/2-1/2"]
[WhiteTitle "WFM"]
[BlackTitle "WGM"]
[WhiteElo "2313"]
[BlackElo "2142"]
[WhiteFideId "24142654"]
[BlackFideId "4140389"]
[EventDate "2016.10.02"]

1. e4 c5 2. Nf3 Nc6 3. Bb5 d6 4. O-O Bd7 5. Re1 Nf6 6. c3 a6 7. Bc4 b5 8. Bf1
Bg4 9. a4 Rb8 10. d4 cxd4 11. cxd4 e5 12. d5 Nd4 13. Be3 Nxf3+ 14. gxf3 Bd7 15.
axb5 axb5 16. b4 Be7 17. Nc3 O-O 18. Ra5 Nh5 19. Nxb5 f5 20. Qb1 f4 21. Bd2 Qe8
22. Nc7 Qg6+ 23. Kh1 Bh4 24. Re2 Rb7 25. Ne6 Rfb8 26. Bc3 Nf6 27. Rb2 Qh5 28.
Bg2 Bb5 29. Qa1 Qe8 30. Ra7 Qc8 31. Rxb7 Rxb7 32. Ra2 Nd7 33. Bh3 Qc4 34. Ra8+
Kf7 35. Qg1 g6 36. Be1 Qe2 37. Rh8 Nf6 38. Rc8 Ra7 39. Rc7+ Rxc7 40. Nxc7 Qxf3+
41. Bg2 Qd3 42. Nxb5 Qxb5 43. Bf1 Qa4 44. Bd3 Qd1 45. Qf1 Qf3+ 46. Kg1 Qg4+ 47.
Qg2 Qd1 48. Qf1 Qg4+ 49. Kh1 Qf3+ 50. Kg1 Qg4+ 51. Kh1 Qf3+ 52. Kg1 Qg4+ 53. Qg2
Qd1 54. Qf1 Qg4+ 55. Kh1 Qf3+ 56. Kg1 Qg4+ 57. Qg2 Qd1 58. Qf1 Qg4+ 59. Qg2 Qd1
60. Qf1 Qg4+ 61. Qg2 Qd1 62. Qf1 Qg4+ 1/2-1/2

[Event "ch-RUS Rapid w 2016"]
[Site "Sochi RUS"]
[Date "2016.10.03"]
[Round "10.15"]
[White "Petrukhina, Olga"]
[Black "Bulatova, Kamaliya"]
[Result "1-0"]
[WhiteTitle "WFM"]
[WhiteElo "2084"]
[BlackElo "1989"]
[WhiteFideId "13703935"]
[BlackFideId "34111546"]
[EventDate "2016.10.02"]

1. Nf3 Nf6 2. d4 g6 3. g3 Bg7 4. Bg2 O-O 5. c4 d6 6. Nc3 Nbd7 7. O-O e5 8. d5 a6
9. Bg5 h6 10. Bxf6 Nxf6 11. Ne1 Rb8 12. a4 Bd7 13. a5 Ne8 14. e4 f5 15. Nd3 f4
16. c5 Qg5 17. h4 Qf6 18. Bf3 g5 19. Bg4 Bxg4 20. Qxg4 Qe7 21. hxg5 Qxg5 22.
Qxg5 hxg5 23. f3 fxg3 24. Kg2 Nf6 25. Kxg3 Nh5+ 26. Kg4 Nf4 27. Nxf4 Rxf4+ 28.
Kg3 dxc5 29. Ne2 Rf7 30. Rfc1 Bf8 31. Rh1 Be7 32. Kg4 Rbf8 33. Rh3 Rg7 34. Rah1
Rf6 35. Rh8+ Kf7 36. Rb8 b6 37. Rc8 Bd6 38. Rhh8 Rfg6 39. Ra8 Rg8 40. Rh7+ R6g7
41. Rxg7+ Kxg7 42. Rxa6 Rb8 43. axb6 cxb6 44. Kxg5 Rb7 45. Ng3 Kf8 46. Nf5 Be7+
47. Kg6 Bd8 48. Ra8 Ke8 49. Nd6+ 1-0